ETHICS:A BASIC COURSE FOR UNDERGRADUATE STUDIES (Record no. 66739)

MARC details
000 -LEADER
fixed length control field 00523nam a2200181Ia 4500
003 - CONTROL NUMBER IDENTIFIER
control field OSt
005 - DATE AND TIME OF LATEST TRANSACTION
control field 20250901110924.0
020 ## - INTERNATIONAL STANDARD BOOK NUMBER
International Standard Book Number 9966-846-06-8
040 ## - CATALOGING SOURCE
Transcribing agency LC
050 ## - LIBRARY OF CONGRESS CALL NUMBER
Classification number BJ 37 .0 78 1990
Item number 1
100 ## - MAIN ENTRY--PERSONAL NAME
Personal name ORUKA,H.O.
245 #0 - TITLE STATEMENT
Title ETHICS:A BASIC COURSE FOR UNDERGRADUATE STUDIES
260 ## - PUBLICATION, DISTRIBUTION, ETC.
Place of publication, distribution, etc. NAIROBI,
Name of publisher, distributor, etc. NAIROBI UNIVERSITY PRESS,
Date of publication, distribution, etc. 1990,
300 ## - PHYSICAL DESCRIPTION
Extent iV, 149 P, ILL
500 ## - GENERAL NOTE
General note INCLUDES BIBLIOGRAPHICAL REFERENCES AND INDEX
650 ## - SUBJECT ADDED ENTRY--TOPICAL TERM
Topical term or geographic name entry element Ethics Morale, Social ethics, ethics (philosophy)
942 ## - ADDED ENTRY ELEMENTS (KOHA)
Koha item type Long Loan Book
Source of classification or shelving scheme Library of Congress Classification
Suppress in OPAC No
Holdings
Withdrawn status Lost status Source of classification or shelving scheme Damaged status Not for loan Collection Home library Current library Shelving location Date acquired Inventory number Total checkouts Full call number Barcode Date last seen Copy number Price effective from Koha item type Date last checked out
    Library of Congress Classification     Arts & Social Sciences Kisii University Library Kisii University Library On Display 09/15/2023 20147   BJ 37 . O 78 1990 046202 09/15/2023 3 09/15/2023 Long Loan Book  
    Library of Congress Classification     Arts & Social Sciences Kisii University Library Kisii University Library On Display 01/16/2024 23087 1 BJ 37 .O78 1990 022086 03/24/2026   01/16/2024 Long Loan Book 03/24/2026